|
|
|
|
| LEADER |
00000cam a2200000 a 4500 |
| 001 |
vtls001479881 |
| 003 |
SK-MaSNL |
| 005 |
20260301073955.0 |
| 008 |
240226s2002 xo a frn 101 0 eng |
| 015 |
|
|
|a SNBA2004/08-04579
|
| 020 |
|
|
|a 8096854313
|
| 035 |
|
|
|a SNK000435179
|
| 035 |
|
|
|a urn:nbn:sk:snk-amkowb
|
| 035 |
|
|
|a urn:nbn:sk:snk-am008dvy
|
| 035 |
|
|
|a 433E8B2F-B0B8-4C0E-8ED0-6E3C348D416F
|
| 040 |
|
|
|a SNK
|b slo
|c SNK
|e AACR2
|
| 041 |
0 |
|
|a eng
|b eng
|
| 044 |
|
|
|a xo
|c SK
|
| 080 |
|
|
|a 621.762(082)=111
|2 1981
|
| 080 |
|
|
|a 620.2
|2 1981
|
| 080 |
|
|
|a 621.762
|2 1981
|
| 080 |
|
|
|a 539.37/.38
|2 1981
|
| 080 |
|
|
|a 539.421
|2 1981
|
| 080 |
|
|
|a (063)
|2 1981
|
| 111 |
2 |
|
|a Deformation and Fracture in Structural PM Materials DF PM
|d (2002 :
|c Stará Lesná, Slovensko)
|9 395869
|
| 245 |
1 |
0 |
|a Deformation and Fracture in Structural PM Materials DF PM 2002
|b proceedings of the International Conference held in the Congress Center Academia, Stará Lesná, Slovak Republic, September 15-18, 2002
|n Vol. 2
|c edited by Ľudovít Parilák, Herbert Danninger
|
| 250 |
|
|
|a [1st ed.]
|
| 260 |
|
|
|a In Košice
|b Institute of Materials Research of the Slovak Academy of Sciences
|c 2002
|
| 300 |
|
|
|a 235 strán
|b fotogr., grafy, sch., tab.
|c 24 cm
|
| 504 |
|
|
|a Bibliogr. odkazy. Reg. aut.
|
| 546 |
|
|
|a Anglické resumé
|
| 610 |
2 |
7 |
|a Slovenská akadémia vied.
|b Ústav materiálového výskumu
|2 SNKKA
|9 189595
|
| 650 |
0 |
7 |
|a prášková metalurgia
|2 SNKPH
|9 86852
|
| 650 |
0 |
7 |
|a materiály
|2 SNKPH
|9 1041
|
| 650 |
0 |
7 |
|a deformácia materiálov
|2 SNKPH
|9 395870
|
| 650 |
0 |
7 |
|a trhliny (fyzika)
|2 SNKPH
|9 69633
|
| 650 |
0 |
7 |
|a náuka o materiáli
|2 SNKPH
|9 3657
|
| 655 |
|
7 |
|a zborníky konferencií
|2 SNKPH
|9 70153
|
| 700 |
1 |
|
|a Parilák, Ľudovít,
|d 1948-
|4 edt
|9 93758
|
| 700 |
1 |
|
|a Danninger, Herbert
|4 edt
|9 19900
|
| 710 |
2 |
|
|a Slovenská akadémia vied.
|b Ústav materiálového výskumu
|4 pbl
|9 189595
|
| 852 |
|
|
|a Slovenská národná knižnica
|
| 919 |
|
|
|a 80-968543-1-3
|
| 954 |
|
|
|a odborná, vedecká literatúra pôvodná (slovenská)
|2 lita
|
| 958 |
|
|
|a OND
|
| 958 |
|
|
|a NB
|
| 958 |
|
|
|a ZB
|
| 999 |
|
|
|c 645821
|d 647751
|
| 952 |
|
|
|t P60, <03>, [BOOK], {603}
|a SNK
|b SNK
|y PREZ
|7 0
|p 17A0439292
|o snkSC 116949/2
|i snkKSP 10686/2004
|0 0
|1 0
|4 0
|d 2004-08-10
|f 1
|l 0
|r 2025-10-16 00:00:00
|w 2026-02-23
|
| 952 |
|
|
|a SNK
|b SNK
|y VYP
|7 0
|p 17A0439291
|o snkSC 116949/2 D1
|i snkKSP 10687/2004
|0 0
|1 0
|4 0
|d 2004-08-10
|l 0
|r 2005-01-02 00:00:00
|w 2026-02-23
|